000 00303nam a22001097a 4500
008 170105b xxu||||| |||| 00| 0 eng d
020 _a2900131597005
041 _aeng
080 _27TH
_a168.2
245 _aLABORATORY TESTS AND DIAGNOSTIC PROCEDURES WITH NURSING DIAGNOSIS
_cCORBETT, J.V
942 _2udc
_cBK
999 _c2590
_d2590